Estadísticas para Pasapalabra edición España

Haz click aquí para intentar la prueba.

Estadísticas generales

  • Esta prueba ha sido intentada 387 veces
  • La puntuación promedio es 17 de 27

Estadísticas de respuestas

InicialDefiniciónRespuesta% Correcto
CCiudad autónoma en ÁfricaCeuta
97%
QNombre de "El Hombre de La Mancha"Don Quijote
92%
ATerritorio de la Península Ibérica que se encuentra bajo poder musulmán en la Edad MediaAl-Ándalus
91%
NApellido del tenista mallorquín con más Roland GarrosNadal
90%
GGentilicio de CádizGaditano
89%
BActual casa reinante en EspañaBorbones
86%
SEmblemático templo de Barcelona diseñado por el arquitecto Antoni GaudíSagrada Familia
86%
ULa de Salamanca es la más antigua de España y una de las más antiguas de EuropaUniversidad
86%
Contiene la KÚnica lengua no romance que se habla en la PenínsulaEuskera
85%
DNombre de pila del pintor barroco VelázquezDiego
83%
JPaís más próximo a España que comience por JJordania
76%
HNombre del conquistador de los AztecasHernán Cortés
72%
FAntigua colonia española llamada tras el rey Felipe IIFilipinas
67%
MMontaña más alta de la Península IbéricaMulhacén
66%
VPueblo bárbaro establecido en la Península tras la caída del Imperio RomanoVisigodos
63%
Contiene la ÑEn esta ciudad podemos visitar la Torre de HérculesA Coruña
62%
PNombre del rey de Asturias que dio paso a la ReconquistaPelayo I
60%
RZona costera de Galicia famosa por su gastronomía y vinosRías Baixas
49%
ZGénero musical español que combina elementos líricos y cómicos, similar a la operetaZarzuela
49%
LMáximo exponente del teatro barroco españolLope de Vega
47%
OApellido del filósofo y ensayista español, considerado uno de los pensadores más influyentes del siglo XXOrtega y Gasset
46%
TUnidad militar de infantería del Ejército español durante la época de la Casa de AustriaTercio
36%
WNombre de la torre que sufrió un trágico incendio ocurrido en 2005 que destruyó gran parte del edificioTorre Windsor
28%
YNombre del monasterio que fue el lugar donde Carlos V se retiró a pasar sus últimos añosMonasterio de Yuste
25%
IIsla en el río Bidasoa compartida cada 6 meses con FranciaIsla de los Faisanes
23%
Contiene la XApellido del fundador y a la vez líder del Partido Republicano RadicalLerroux
21%
ENombre del cabo más al norte de la PenínsulaEstaca de Bares
20%

Distribución de puntuación

Porcentaje por número respondido

Porcentaje de gente con cada puntuación

Historial de tus puntuaciones

No has intentado esta prueba.